| 000 | 00874nas a2200277 4500 | ||
|---|---|---|---|
| 001 | BR2016000071 | ||
| 003 | BR-BrBNA | ||
| 005 | 20231205130021.0 | ||
| 007 | ta | ||
| 008 | 230509b bl.|||p| |||| 00| 00por d | ||
| 040 |
_aBR-BrBNA _bpor _cBiblioteca Nacional de Agricultura |
||
| 041 | _a(Pt) | ||
| 072 | _aL10 | ||
| 100 | 1 | _aDias, F.T.C. | |
| 100 | 1 | _aBertini, C.H.C. de M. | |
| 100 | 1 | _aSilva, A.P.M. da | |
| 100 | 1 | _aCavalcanti, J.J.V. | |
| 245 | 1 | _aVariabildiade genética de feijão-caupi de porte ereto e ciclo precoce analisada por marcadores RAPD e ISSR | |
| 650 | _aFEIJAO DE CORDA | ||
| 650 | _aCAUPI | ||
| 650 | _aVIGNA UNGUICULATA | ||
| 650 | _aGENETICA | ||
| 773 | 0 |
_tRevista Ciência Agronômica (Brazil) _xISSN 0045-6888 _g(Jul-Sep 2015), v. 46(3) p. 563-572 _wBR2016000071 |
|
| 909 |
_a202311 _bLúcia _c55 _dLúcia Elande |
||
| 942 |
_2AGRIS _n0 _cANA |
||
| 999 |
_c247454 _d247454 |
||